Administratívna budova

Saved in:
Bibliographic Details
Main Author: Vincze, Štefan (Author)
Other Authors: Palko, Milan (Thesis advisor)
Format: Manuscript Book
Language:Slovak
Published: 2025
Subjects:
Online Access:http://is.stuba.sk/zp/portal_zp.pl?podrobnosti=185727
CRZP
Tags: Add Tag
No Tags, Be the first to tag this record!

MARC

LEADER 00000ntm a22000003a 4500
001 stuzp104375
003 SK-STU
005 20250801110941.1
007 ta
008 150427s2015----xo-----f-mn---000-0-slo-d
040 |a STU  |b slo 
041 0 |a slo 
100 1 |a Vincze, Štefan  |u 010180  |4 aut  |U SvF Stavebná fakulta  |T SvF Katedra konštrukcií pozemných stavieb  |X 104653  |U V180  |Y 18  |7 104653 
242 0 1 |a Administrative building  |y eng 
245 1 0 |a Administratívna budova 
260 |c 2025 
650 4 |a external shading  |2 eng 
650 4 |a ventilated façade  |2 eng 
650 4 |a office building  |2 eng 
650 4 |a reinforced concrete  |2 eng 
650 4 |a železobetón  |2 slo 
650 4 |a exteriérové tienenie  |2 slo 
650 4 |a administratívna budova  |2 slo 
650 4 |a prevetrávaná fasáda  |2 slo 
700 1 |a Palko, Milan  |u 010180  |k Z1  |4 ths  |U SvF Stavebná fakulta  |T SvF Katedra konštrukcií pozemných stavieb  |X 2552  |U V180  |Y 18  |7 A000002552 
856 4 |u http://is.stuba.sk/zp/portal_zp.pl?podrobnosti=185727 
856 4 |u https://opac.crzp.sk/?fn=detailBiblioForm&sid=226A7A544DA3649F6A5032E9F6D0  |z CRZP